[Event "US Masters op"]
[Site "Greensboro"]
[Date "2019.08.24"]
[Round "6"]
[White "Singh, Hersh"]
[Black "Avirneni, Saithanusri"]
[Result "1-0"]
[WhiteElo "1920"]
[BlackElo "1654"]
[PlyCount "79"]
[EventDate "2019.08.21"]
[EventType "swiss"]
[EventRounds "9"]
[EventCountry "USA"]
[SourceTitle "EXT 2020"]
[Source "ChessBase"]
[SourceDate "2019.10.17"]
[SourceVersion "1"]
[SourceVersionDate "2019.10.17"]
[SourceQuality "1"]

1. d4 e6 2. c4 f5 3. Nf3 Nf6 4. g3 Be7 5. Bg2 0-0 6. 0-0 d6 7. b3 Qe8 8. Bb2 Qh5 9. Nc3 g5 10. e3 Ng4 11. h3 Nh6 12. Nd2 g4 13. h4 Bxh4 14. gxh4 Qxh4 15. f4 Rf6 16. Qe1 Qh5 17. Qg3 Nd7 18. Nb5 Nf7 19. Nxc7 Rb8 20. Kf2 a6 21. Rh1 Qg6 22. Ne8 h5 23. Rh2 Nh8 24. Nxf6+ Nxf6 25. Rah1 d5 26. Ba3 Bd7 27. Be7 Be8 28. Bxf6 Qxf6 29. Qh4 Qxh4+ 30. Rxh4 Bf7 31. Ke2 b5 32. c5 a5 33. Nf1 b4 34. Kd2 a4 35. Kc2 Ra8 36. Kb2 Bg6 37. Ng3 Nf7 38. Nxh5 Bxh5 39. Rxh5 Kf8 40. Rh8+ 1-0

[Event "Pan American-ch U18 Girls"]
[Site "San Jose"]
[Date "2017.07.02"]
[Round "3"]
[White "Medrano, Maria Luisa"]
[Black "Avirneni, Saithanusri"]
[Result "0-1"]
[WhiteElo "1579"]
[BlackElo "1766"]
[PlyCount "102"]
[EventDate "2017.07.01"]
[EventType "swiss"]
[EventRounds "9"]
[EventCountry "CRI"]
[SourceTitle "EXT 2022"]
[Source "ChessBase"]
[SourceDate "2021.10.06"]
[SourceVersion "1"]
[SourceVersionDate "2021.10.06"]
[SourceQuality "1"]

1. e4 e6 2. d4 d5 3. Nd2 Nf6 4. e5 Nfd7 5. Bd3 c5 6. c3 Nc6 7. Ne2 cxd4 8. cxd4 Qb6 9. Nf3 Be7 10. 0-0 0-0 11. Re1 f5 12. exf6 Nxf6 13. Nf4 Bb4 14. Re2 Nd8 15. Bc2 Bd7 16. a3 Bd6 17. Rb1 Qc7 18. Nd3 Rc8 19. Nde5 Bb5 20. Bd3 Bxd3 21. Qxd3 Bxe5 22. Rxe5 Ng4 23. Re1 Nc6 24. Be3 Rf6 25. h3 Nxe3 26. Qxe3 Rcf8 27. Re2 Ne7 28. Qe5 Qd7 29. Rbe1 Ng6 30. Qe3 Nf4 31. Rd2 Nxh3+ 32. gxh3 Rxf3 33. Qxe6+ Qxe6 34. Rxe6 Rxh3 35. Re7 Rb3 36. Rd7 Rf5 37. Re2 Rg5+ 38. Kf1 h5 39. Re8+ Kh7 40. Ree7 Rxb2 41. Rxb7 Rxb7 42. Rxb7 h4 43. Rb3 Rg4 44. Rd3 g5 45. Ke2 Kg6 46. Kf3 Kh5 47. Ke2 Re4+ 48. Kd2 g4 49. Kd1 h3 50. Kc2 h2 51. Rd1 Re2+ 0-1